000 00591nam a2200169Ia 4500
003 GCL
008 140319s9999 xx 000 0 ara d
040 _aGCL /
_cGCL
082 0 4 _aم
_b010.28
_bم ق
100 1 _aمطبعة النجمة
245 1 0 _aقائمة لنوادر المخطوطات العربية المعروضة فة مكتبة جامعة القرويين بفاس /
_cمطبعة النجمة
300 _a81 ص
650 0 4 _aالمخطوطات العربية
650 0 4 _aالفهارس
650 0 4 _aالمخطوطات العربية - المغرب
942 _2ddc
_cREF
999 _c59710
_d59710